000
00355nam a2200145 a 4500
005
20140414131844.0
008
100520s19uu xx 00 eng d
050
_a
M 025.5
_b
J12 1997
100
_a
Jackson, Candace
245
_a
A treasure hunt in my library.
260
_b
Museum Mania,
_c
1997.
300
_a
43
650
_a
Library
999
_c
109842
_d
109842